Faktoring - alternatívne financovanie v období krízy

Definícia faktoringu. Druhy faktoringu: regresný a bezregresný faktoring, tuzemský a medzinárodný faktoring, otvorený a skrytý faktoring. Služby faktoringu: financovanie klienta, správa pohľadávok, inkaso pohľadávok. Náklady na faktoring. Priebeh faktoringovej operácie. Výhody faktoringu.

Guardado en:
Detalles Bibliográficos
Autor principal: Jančíková, Eva, 1960-
Formato: Capítulo de libro
Lenguaje:eslovaco
Materias:
Etiquetas: Agregar Etiqueta
Sin Etiquetas, Sea el primero en etiquetar este registro!

MARC

LEADER 00000nla$a2200000$$$4500
001 0117304
005 20240502072318.5
041 0 |a slo 
044 |a SK 
245 1 0 |a Faktoring - alternatívne financovanie v období krízy  |c Eva Jančíková 
520 |a Definícia faktoringu. Druhy faktoringu: regresný a bezregresný faktoring, tuzemský a medzinárodný faktoring, otvorený a skrytý faktoring. Služby faktoringu: financovanie klienta, správa pohľadávok, inkaso pohľadávok. Náklady na faktoring. Priebeh faktoringovej operácie. Výhody faktoringu. 
610 2 0 |a faktoring 
610 2 0 |a financovanie 
610 2 0 |a financie 
610 2 0 |a inkaso 
610 2 0 |a pohľadávky 
610 2 0 |a náklady 
610 2 0 |a firmy 
610 2 0 |a banky 
100 1 |a Jančíková, Eva, 1960-